Puteri Intan Suraya

Bibliographic Details
Main Author: Muhd Nasruddin Dasuki
Format: Book
Published: Kuala Lumpur : DBP , 1992
Subjects:

MARC

LEADER 00000cam a2200000 7i4500
001 0000006561
002 000007076
005 20000330.0
020 |a 9836226648 
090 0 0 |a F   |b MUH 
100 0 |a Muhd Nasruddin Dasuki 
245 1 0 |a Puteri Intan Suraya   |c Muhd Nasruddin Dasuki 
260 |a Kuala Lumpur :   |b DBP ,   |c 1992 
300 |a 182 p. ;   |c 18 cm. 
650 0 0 |a General fiction, Malay 
999 |a 029116   |b BUKU   |c PINJAMAN   |e PERPUSTAKAAN KOMUNITI PETALING JAYA 
999 |a 029117   |b BUKU   |c PINJAMAN   |e PERPUSTAKAAN KOMUNITI PETALING JAYA 
999 |a 039372   |b BUKU   |c PINJAMAN   |e PERPUSTAKAAN KOMUNITI PETALING JAYA